000 00190nam a22000857a 4500
999 _c23729
_d23729
005 20250212120326.0
008 250212b ||||| |||| 00| 0 eng d
040 _csk
245 _aPletieme ponožky